000 00984cam a2200217 4500
001 ABS67185
008 031022n2003 000 0 eng u
035 _a(Sirsi) u123972
100 _aWorpole, K.
245 2 _aA space - or a place - for everyone?
260 _c2003
490 _aTown & Country Planning
_v72(8) September 2003, 242-244(3)
520 _aExamines the concept of public space and its relationship with planning. Looks at some of the political background to the issue in relation to perceived deterioration of public spaces and parks. Lists many of the recent reports on government initiatives and discusses the influence of the media in this area. Discuss the physical, symbolic and relational public realm and the effect on children of public planning.
590 _aABS
650 _aPUBLIC SPACE
650 _aPROJECTS
650 _aPARKS
650 _aCHILDREN
690 _aENVIRONMENTAL AND LAND CONSULTANCY-PLANNING AND DEVELOPMENT
942 _n0
999 _c73625
_d73625